Linaje de malditos : de Sade a Jim Morrison /

Abordaje crítico de la vida y obra de diez autores calificados como "malditos", tanto en término de las preguntas y reflexiones que sobre el mal se plantearon, como de las acciones que explican su confinamiento en la categoría mencionada.

Wedi'i Gadw mewn:
Manylion Llyfryddiaeth
Prif Awdur: Campaña, Mario (autor)
Fformat: Llyfr
Iaith:Sbaeneg
Cyhoeddwyd: México : Debate : CONACULTA, 2013, c2013
Pynciau:
Tagiau: Ychwanegu Tag
Dim Tagiau, Byddwch y cyntaf i dagio'r cofnod hwn!

MARC

LEADER 00000nam^a2200000^a^4500
001 000341154
005 20250521000000.0
008 140422 20132013
009 20260310114516.163
020 |a 978-607-311-841-5 
020 |a 978-607-516-269-0 
037 |a Acervo ITESO - Biblioteca 
041 |a ESP 
082 |a 809. 93384  |b CAM 
100 |a Campaña, Mario  |e (autor) 
245 1 0 |a Linaje de malditos :  |b de Sade a Jim Morrison /  |c M. Campaña. 
264 4 |a México :  |b Debate :  |b CONACULTA,  |c 2013, c2013 
300 |a 387 p. 
336 |a texto  |b txt  |2 rdacontenido 
337 |a sin mediación  |b n  |2 rdamedio 
338 |a volumen  |b nc  |2 rdasoporte 
520 |a Abordaje crítico de la vida y obra de diez autores calificados como "malditos", tanto en término de las preguntas y reflexiones que sobre el mal se plantearon, como de las acciones que explican su confinamiento en la categoría mencionada. 
649 |a XX 
650 |a Escritores 
650 |a Maldad en la Literatura -  |x Tema Principal 
650 |a Maldad en la Literatura -  |x Historia y Crítica 
650 |a Bien y Mal en la Literatura -  |x Historia y Crítica 
650 |a Literatura -  |x Historia y Crítica -  |x Tema Principal 
650 |a Poe, Edgar Allan 
650 |a Baudelaire, Charles 
650 |a Rimbaud, Arthur 
650 |a Artaud, Antonin 
650 |a Burroughs, William S. 
650 |a Bukowski, Charles 
650 |a Morrison, Jim 
650 |a Panero, Leopoldo María 
600 |a Sade,  |c Marqués de 
600 |a Lautréamont, Conde de 
910 |a Fondo General 
920 |a Impresos - Libros 
930 |a Colección General 
940 |a Literatura 
905 |a 101 
901 |a 0500231121  |b IT1  |c LIT  |i C140442  |u 20250521 
902 |a https://opac.biblio.iteso.mx/vufind/Record/000341154